[Event "Druzynowe Mistrzostwa Polski - II Liga Seniorow"]
[Site "Ustron/Slaski Zwiazek Szachowy"]
[Date "2008.09.12"]
[Round "7.62"]
[White "Szczechowicz, Bartosz"]
[Black "Urbanski, Grzegorz"]
[Result "1/2-1/2"]
[WhiteTitle "k+"]
[BlackTitle "I++"]
[WhiteElo "2270"]
[BlackElo "2158"]

1. d4 e6 2. c4 Nf6 3. Nf3 d5 4. Nc3 c6 5. e3 Nbd7 6. Qc2 Bd6 7. Bd3 Qe7 8. O-O
O-O 9. e4 dxc4 10. Bxc4 e5 11. h3 exd4 12. Nxd4 Nb6 13. Be2 Re8 14. Bg5 h6 15.
Bxf6 1/2-1/2

[Event "Druzynowe Mistrzostwa Polski - II Liga Seniorow"]
[Site "Ustron/Slaski Zwiazek Szachowy"]
[Date "2008.09.12"]
[Round "7.63"]
[White "Trendota, Dawid"]
[Black "Wcislo, Damian"]
[Result "0-1"]
[WhiteTitle "I"]
[BlackTitle "k+"]
[WhiteElo "1981"]
[BlackElo "2216"]

1. e4 c5 2. Nf3 Nc6 3. d4 cxd4 4. Nxd4 Nf6 5. Nc3 d6 6. Bg5 e6 7. Qd2 a6 8.
O-O-O Bd7 9. g3 Be7 10. Bg2 h6 11. Bxf6 gxf6 12. Rhe1 Rc8 13. f4 b5 14. e5 fxe5
15. Nxc6 Bxc6 16. Bxc6+ Rxc6 17. Qg2 Qc8 18. fxe5 dxe5 19. Ne4 f5 20. Qe2 O-O
21. Nf2 e4 22. Kb1 Bf6 23. g4 Qc7 24. gxf5 exf5 25. Rg1+ Bg7 26. Ng4 fxg4 27.
Qxg4 Qe5 28. c3 Rf7 29. Rd8+ Kh7 30. h4 e3 31. Qg2 Re6 32. Ka1 e2 0-1

[Event "Druzynowe Mistrzostwa Polski - II Liga Seniorow"]
[Site "Ustron/Slaski Zwiazek Szachowy"]
[Date "2008.09.12"]
[Round "7.64"]
[White "Betkowski, Andrzej"]
[Black "Szczyrba, Daniel"]
[Result "0-1"]
[WhiteTitle "k"]
[BlackTitle "k"]
[WhiteElo "2201"]
[BlackElo "2191"]

1. d4 Nf6 2. Bg5 d5 3. e3 c6 4. Bd3 Qb6 5. Qc1 Bg4 6. f3 Bh5 7. Nd2 Bg6 8. Bxg6
hxg6 9. Ne2 Nbd7 10. Bf4 e6 11. c3 Be7 12. Qc2 Bd8 13. O-O-O Qa6 14. Rde1 Qxa2
15. Bd6 Be7 16. Bxe7 Kxe7 17. e4 Nb6 18. Nf4 Rae8 19. Nd3 Nc4 20. Nxc4 Qxc4 21.
Kd2 Qb5 22. b3 dxe4 23. Ne5 Nd7 24. Rxe4 Rd8 25. Kc1 Qa5 26. Kb2 Nxe5 27. Rxe5
Rd5 28. Re2 a6 29. h3 Rc8 30. Qe4 Kf8 31. h4 c5 32. h5 cxd4 33. b4 Qa4 34. hxg6
dxc3+ 35. Kb1 Qb3+ 36. Kc1 Qa3+ 37. Kb1 Qb3+ 38. Kc1 Rcd8 39. Rh8+ Ke7 40. Qh4+
f6 0-1

[Event "Druzynowe Mistrzostwa Polski - II Liga Seniorow"]
[Site "Ustron/Slaski Zwiazek Szachowy"]
[Date "2008.09.12"]
[Round "7.65"]
[White "Sroka, Janusz"]
[Black "Kusina, Jan"]
[Result "1/2-1/2"]
[WhiteTitle "I++"]
[BlackTitle "k+"]
[WhiteElo "2156"]
[BlackElo "2147"]

1. e4 c5 2. Nf3 d6 3. d4 cxd4 4. Nxd4 Nf6 5. Nc3 a6 6. g3 e5 7. Nb3 Be6 8. Bg2
Nbd7 9. O-O Be7 10. a4 O-O 11. h3 Nc5 12. Nxc5 dxc5 13. Qe2 Qc7 14. Be3 Rad8
15. Rfd1 Rxd1+ 16. Rxd1 1/2-1/2

[Event "Druzynowe Mistrzostwa Polski - II Liga Seniorow"]
[Site "Ustron/Slaski Zwiazek Szachowy"]
[Date "2008.09.12"]
[Round "7.66"]
[White "Pokojska, Daria"]
[Black "Halamus, Agata"]
[Result "1/2-1/2"]
[WhiteTitle "m"]
[BlackTitle "I++"]
[WhiteElo "2150"]
[BlackElo "1935"]

1. c4 e5 2. g3 Nf6 3. Bg2 d5 4. cxd5 Nxd5 5. Nc3 Nb6 6. Nf3 Nc6 7. O-O Be7 8.
a3 O-O 9. b4 Be6 10. d3 f6 11. Be3 Nd5 12. Nxd5 Bxd5 13. Nd2 Bxg2 14. Kxg2 Qd5+
15. Kg1 a5 16. bxa5 Rxa5 17. Nc4 Ra6 18. a4 Rfa8 19. Rb1 b6 20. Rb5 Qe6 21. Nb2
Ba3 22. Qb3 Qxb3 23. Rxb3 Bxb2 24. Rxb2 Ne7 25. Rc1 R8a7 26. Rbc2 Nd5 27. Bd2
Rxa4 28. e4 Nb4 29. Bxb4 Rxb4 30. Rxc7 Rxc7 31. Rxc7 Rd4 1/2-1/2

[Event "Druzynowe Mistrzostwa Polski - II Liga Seniorow"]
[Site "Ustron/Slaski Zwiazek Szachowy"]
[Date "2008.09.12"]
[Round "7.67"]
[White "Bulski, Krzysztof"]
[Black "Wieclaw, Michal"]
[Result "1-0"]
[WhiteTitle "FM"]
[BlackTitle "k"]
[WhiteElo "2388"]
[BlackElo "2220"]

1. e4 e6 2. d4 d5 3. Nc3 Nf6 4. e5 Nfd7 5. f4 c5 6. Nf3 Nc6 7. Be3 a6 8. Qd2 b5
9. dxc5 Bxc5 10. Ne2 Qb6 11. Bxc5 Nxc5 12. Ned4 Ne4 13. Qe3 Bb7 14. Bd3 O-O 15.
O-O f6 16. Rae1 fxe5 17. Nxc6 Qxc6 18. Nxe5 Qc5 19. Qxc5 Nxc5 20. g3 d4 21. Be2
Na4 22. b3 Nc3 23. Bf3 Bxf3 24. Nxf3 Rfd8 25. a3 Rd6 26. Re5 h6 27. Rfe1 d3 28.
cxd3 Rxd3 29. R1e3 Rad8 30. Rxe6 Nd1 31. Rxd3 Rxd3 32. Ne5 Rxb3 33. Rxa6 Ne3
34. a4 Nc4 35. Ng6 Rb1+ 36. Kf2 Rb2+ 37. Kf3 Nd2+ 38. Kg4 bxa4 39. Ra8+ Kf7 40.
f5 Rb4+ 41. Kh5 1-0

[Event "Druzynowe Mistrzostwa Polski - II Liga Seniorow"]
[Site "Ustron/Slaski Zwiazek Szachowy"]
[Date "2008.09.12"]
[Round "7.68"]
[White "Bernard, Ryszard"]
[Black "Drozd, Ryszard"]
[Result "1-0"]
[WhiteTitle "FM"]
[BlackTitle "FM"]
[WhiteElo "2345"]
[BlackElo "2261"]

1. e4 c5 2. Nf3 d6 3. c3 Nf6 4. Be2 Nc6 5. d4 cxd4 6. cxd4 Qa5+ 7. Bd2 Qb6 8.
d5 Nxe4 9. O-O Nxd2 10. Nbxd2 Nb4 11. Nc4 Qc5 12. Ne3 Bd7 13. a3 Na6 14. Rc1
Qb6 15. Nc4 Qd8 16. b4 g6 17. Qd4 f6 18. Rfe1 Bh6 19. Rcd1 Kf7 20. Bd3 Nc7 21.
Qh4 Kg7 22. Qe4 Re8 23. Nd4 Nb5 24. Nxb5 Bxb5 25. Na5 Qb6 26. Bxb5 Qxb5 27. Rd3
Rac8 28. Rh3 Bg5 29. Nb3 f5 30. Nd4 fxe4 31. Nxb5 Rc4 32. Nxa7 Rd4 33. Nb5 Rxd5
34. Nc7 Rd3 35. Nxe8+ Kf7 36. Rxd3 exd3 37. Nc7 e5 38. f3 Kf6 39. Kf2 Kf5 40.
g4+ Kf6 41. Rd1 d2 42. Ke2 Ke7 43. h4 Bxh4 44. Rxd2 Kf7 45. Nb5 Be7 46. Nc3 Ke6
47. Nd5 Bg5 48. f4 exf4 49. Kf3 Ke5 50. Nxf4 Bxf4 51. Re2+ 1-0

[Event "Druzynowe Mistrzostwa Polski - II Liga Seniorow"]
[Site "Ustron/Slaski Zwiazek Szachowy"]
[Date "2008.09.12"]
[Round "7.69"]
[White "Kuciel, Wladyslaw"]
[Black "Bernat, Marcin"]
[Result "1/2-1/2"]
[WhiteTitle "I+"]
[BlackTitle "k"]
[WhiteElo "2129"]
[BlackElo "2200"]

1. Nf3 e6 2. c4 f5 3. d4 Nf6 4. Nc3 Bb4 5. Bd2 O-O 6. g3 d5 7. cxd5 exd5 8. Bg2
c6 9. O-O Nbd7 10. Qb3 Bd6 11. Bf4 Qe7 12. Rac1 Kh8 13. Qc2 Ne4 14. e3 Ndf6 15.
Bxd6 Nxd6 16. Ne5 Ng4 17. Nd3 Be6 18. Ne2 Rae8 19. h3 Nf6 20. Ne5 Bf7 21. b3
Bh5 22. Nf4 g5 23. Nxh5 Nxh5 24. Bf3 Ng7 25. Kg2 f4 26. Rce1 fxg3 27. fxg3 Ne6
28. Qd3 Kg8 29. Rh1 Qg7 30. h4 gxh4 31. Rxh4 Ng5 32. Bh5 Re6 33. Reh1 Nde4 34.
Rf4 Ref6 35. Bg4 Nf7 36. Rxf6 Qxf6 37. Rf1 Qg5 38. Rf5 Qg7 39. Nxf7 Rxf7 40.
Rxf7 Qxf7 41. Qe2 1/2-1/2

[Event "Druzynowe Mistrzostwa Polski - II Liga Seniorow"]
[Site "Ustron/Slaski Zwiazek Szachowy"]
[Date "2008.09.12"]
[Round "7.70"]
[White "Szuminski, Marek"]
[Black "Janiszewski, Maciej"]
[Result "0-1"]
[WhiteTitle "I+"]
[BlackTitle "I++"]
[WhiteElo "2062"]
[BlackElo "2072"]

1. d4 Nf6 2. c4 e5 3. dxe5 Ng4 4. Bf4 Nc6 5. Nf3 Bb4+ 6. Nbd2 Qe7 7. e3 Ngxe5
8. Nxe5 Nxe5 9. Be2 Ng6 10. Bxc7 d5 11. Bg3 dxc4 12. O-O c3 13. bxc3 Bxc3 14.
Rc1 Be5 15. f4 Bf6 16. Bb5+ Kf8 17. Qc2 Kg8 18. Ne4 Bf5 19. Nxf6+ Qxf6 20. Qc7
Be4 21. Rfd1 h5 22. Rd4 h4 23. Be1 Kh7 24. Bd7 Rae8 25. Bxe8 Rxe8 26. Bc3 Qe6
27. Qd7 Qxa2 28. Rd2 Qa3 29. Rb2 Qe7 30. Qd4 f6 31. Qxa7 h3 32. g3 Bc6 33. Qd4
Rd8 34. Qb6 Qe4 35. Qxd8 Qxe3+ 36. Rf2 Qxc1+ 37. Rf1 Qxc3 38. Qd1 Qe3+ 39. Rf2
Qe4 40. Qh5+ Kg8 41. Re2 Qh1+ 42. Kf2 Qxh2+ 43. Ke1 Qxg3+ 0-1

[Event "Druzynowe Mistrzostwa Polski - II Liga Seniorow"]
[Site "Ustron/Slaski Zwiazek Szachowy"]
[Date "2008.09.12"]
[Round "7.71"]
[White "Widera, Jan"]
[Black "Piechota, Pawel"]
[Result "0-1"]
[WhiteTitle "k"]
[BlackTitle "I"]
[WhiteElo "2119"]
[BlackElo "1965"]

1. c4 d6 2. g3 e5 3. Bg2 c6 4. Nc3 Be6 5. d3 f5 6. Nf3 Be7 7. c5 h6 8. cxd6
Qxd6 9. O-O g5 10. d4 e4 11. Ne5 Bf6 12. f3 exf3 13. exf3 Nd7 14. f4 Ne7 15.
Re1 O-O-O 16. Qa4 Kb8 17. Be3 Nb6 18. Qc2 Rhf8 19. a4 Nbd5 20. Nxd5 Bxd5 21.
Bxd5 Nxd5 22. Rad1 gxf4 23. Bxf4 Nxf4 24. gxf4 Rg8+ 25. Kf1 Qd5 26. Qf2 Bh4 27.
Qf3 Qxf3+ 28. Nxf3 Bxe1 29. Rxe1 Rg4 30. Re6 Rxf4 31. Kg2 h5 32. Rh6 h4 33. Rh7
a5 34. b3 Rxf3 35. Kxf3 Rxd4 36. Re7 Rd2 37. Re5 Rxh2 38. Rxa5 Rh3+ 39. Kf4
Rxb3 40. Kxf5 h3 41. Ke6 Re3+ 42. Kf6 Re4 43. Rh5 Rxa4 44. Rxh3 Re4 45. Kf5 Re1
0-1

[Event "Druzynowe Mistrzostwa Polski - II Liga Seniorow"]
[Site "Ustron/Slaski Zwiazek Szachowy"]
[Date "2008.09.12"]
[Round "7.73"]
[White "Dobosz, Henryk"]
[Black "Steczek, Marcin"]
[Result "1/2-1/2"]
[WhiteTitle "IM"]
[BlackTitle "FM"]
[WhiteElo "2440"]
[BlackElo "2342"]

1. Nf3 Nf6 2. d4 e6 3. e3 b6 4. Bd3 Bb7 5. O-O Be7 6. c4 O-O 7. Nc3 d5 8. cxd5
exd5 9. Ne5 c5 10. b3 Nc6 11. Bb2 cxd4 12. Nxc6 Bxc6 13. exd4 Qd7 14. Qf3 b5
15. Rfe1 Bd6 16. Qf5 Qxf5 17. Bxf5 a6 18. Re2 Rfe8 19. Rae1 Rxe2 20. Rxe2 Re8
21. Kf1 g6 22. Rxe8+ Nxe8 23. Bd3 Nc7 24. g3 Ne6 25. Ne2 h5 26. h4 Kg7 27. Bc1
a5 28. Be3 b4 29. Ke1 Bc7 30. Kd2 Bb6 31. Ba6 Kf6 32. Bd3 Ke7 33. Ba6 Kd7 34.
Bd3 Ke7 35. Ba6 f6 36. Bd3 Be8 37. f4 f5 38. Ba6 Bd7 39. Bd3 Kd6 40. Ba6 Kc6
41. Bd3 Bc8 42. Kc2 Bb7 43. Kd2 Kd6 44. Kc2 Ke7 45. Kd2 Bc6 46. Kc2 Be8 47. Kd2
Kd6 48. Kc2 Kc7 49. Kd2 Kb7 50. Kc2 Bd8 51. Kd2 Bf6 52. Kc2 Kb6 53. Kd2 Kc7 54.
Kc2 Kb6 55. Kd2 Nd8 56. Kc2 Nf7 57. Kc1 Nd6 58. Kd2 a4 59. Kc2 Ka5 60. Bg1 Bf7
61. Be3 Be7 62. Bg1 Be8 63. Be3 Kb6 64. Bg1 Bf8 65. Be3 Nb7 66. Bg1 Na5 67. Be3
Nb7 68. Bg1 Nd6 69. Be3 a3 70. Bg1 Be7 71. Be3 Ne4 72. Bg1 Bd7 73. Be3 Bb5
1/2-1/2

[Event "Druzynowe Mistrzostwa Polski - II Liga Seniorow"]
[Site "Ustron/Slaski Zwiazek Szachowy"]
[Date "2008.09.12"]
[Round "7.74"]
[White "Walaszczyk, Witold"]
[Black "Niemiec, Artur"]
[Result "1-0"]
[WhiteTitle "k"]
[BlackTitle "k"]
[WhiteElo "2247"]
[BlackElo "2230"]

1. d4 Nf6 2. Nf3 d5 3. g3 c6 4. Bg2 Bf5 5. O-O e6 6. c4 h6 7. Nc3 Be7 8. Nd2
O-O 9. e4 dxe4 10. Ndxe4 Nbd7 11. Nxf6+ Nxf6 12. Qb3 Qb6 13. Qxb6 axb6 14. d5
Bd3 15. Rd1 Bxc4 16. dxc6 bxc6 17. Bxc6 Rac8 18. Bb7 Rcd8 19. Be3 Rb8 20. Bf3
g5 21. b3 Bb4 22. bxc4 Bxc3 23. Rab1 Ba5 24. Rb5 Rfd8 25. Rxd8+ Rxd8 26. c5 g4
27. Be2 Nd5 28. cxb6 Nxe3 29. fxe3 Rd5 30. Rxa5 1-0

[Event "Druzynowe Mistrzostwa Polski - II Liga Seniorow"]
[Site "Ustron/Slaski Zwiazek Szachowy"]
[Date "2008.09.12"]
[Round "7.75"]
[White "Komorzycki, Jakub"]
[Black "Szadkowski, Krzysztof"]
[Result "1-0"]
[WhiteTitle "k"]
[BlackTitle "I++"]
[WhiteElo "2139"]
[BlackElo "2132"]

1. e4 Nf6 2. Nc3 e5 3. Nge2 Nc6 4. d3 Bc5 5. h3 h6 6. Ng3 d5 7. Be2 Be6 8. O-O
O-O 9. Kh2 dxe4 10. Ncxe4 Nxe4 11. Nxe4 Bb6 12. f4 f5 13. Ng3 exf4 14. Bxf4 g5
15. Bd2 Nd4 16. Bh5 c5 17. Ne2 Bc7+ 18. Kg1 Qd6 19. Nf4 Bd5 20. c3 Nc6 21. Bf3
Bxf3 22. Qxf3 gxf4 23. Bxf4 Qd7 24. Qg3+ Kh7 25. Bxc7 Rg8 26. Qd6 Qxd6 27. Bxd6
b6 28. Rxf5 Rad8 29. Bf4 Rxd3 30. Re1 Kg6 31. g4 Nd8 32. h4 Rg7 33. Re8 Rgd7
34. h5+ Kh7 35. Be5 Rd1+ 36. Kf2 Nf7 37. Rxf7+ Rxf7+ 38. Ke2 1-0

[Event "Druzynowe Mistrzostwa Polski - II Liga Seniorow"]
[Site "Ustron/Slaski Zwiazek Szachowy"]
[Date "2008.09.12"]
[Round "7.76"]
[White "Swiatnicki, Andrzej"]
[Black "Moniszka, Krzysztof"]
[Result "1/2-1/2"]
[WhiteTitle "k"]
[BlackTitle "I+"]
[WhiteElo "2192"]
[BlackElo "2097"]

1. e4 c5 2. Nf3 Nc6 3. c3 e6 4. d4 d5 5. exd5 exd5 6. Be3 cxd4 7. Nxd4 Nf6 8.
Be2 Bd6 9. Nd2 O-O 10. h3 a6 11. O-O Bc7 12. N2f3 Qd6 13. Qc2 Ne4 14. Rfd1 Bxh3
15. gxh3 Nxd4 16. Rxd4 Qg6+ 17. Ng5 f5 18. Rxd5 Nxg5 19. Bxg5 Qxg5+ 20. Kf1 Qh4
21. Rd3 Kh8 22. Re1 Bb6 23. Rf3 Rae8 24. Qb3 Qe4 25. Qc4 Qc2 26. Qd3 Qa4 27.
Qc4 Qc2 28. Qd3 Qa4 1/2-1/2

[Event "Druzynowe Mistrzostwa Polski - II Liga Seniorow"]
[Site "Ustron/Slaski Zwiazek Szachowy"]
[Date "2008.09.12"]
[Round "7.77"]
[White "Jonczyk, Krzysztof"]
[Black "Rupental, Janusz"]
[Result "1-0"]
[WhiteTitle "I"]
[BlackTitle "I"]
[WhiteElo "2049"]
[BlackElo "2027"]

1. e4 e5 2. Nf3 d6 3. d4 exd4 4. Nxd4 g6 5. Nc3 Bg7 6. Be3 Nf6 7. Qd2 O-O 8.
O-O-O Re8 9. f3 Nc6 10. g4 Ne5 11. Be2 a6 12. Bh6 Bh8 13. h4 b5 14. Bg5 c5 15.
Nf5 Bxf5 16. gxf5 Qa5 17. Kb1 Nh5 18. Rhg1 Nc4 19. Bxc4 bxc4 20. Nd5 c3 21. Qc1
Rab8 22. b3 c4 23. f6 Rb7 24. Ne7+ Rbxe7 25. fxe7 Rb8 26. Rxd6 Re8 27. Rd8 Ng7
28. Bf6 Qb5 29. Rxe8+ Nxe8 30. Bxh8 Kxh8 31. Qh6 1-0

[Event "Druzynowe Mistrzostwa Polski - II Liga Seniorow"]
[Site "Ustron/Slaski Zwiazek Szachowy"]
[Date "2008.09.12"]
[Round "7.78"]
[White "Smolenska, Olga"]
[Black "Maka-polkowska, Magdalena"]
[Result "1/2-1/2"]
[WhiteTitle "I"]
[BlackTitle "k"]
[WhiteElo "1932"]
[BlackElo "2056"]

1. e4 c5 2. Nf3 d6 3. c3 Nf6 4. d3 g6 5. h3 Bg7 6. Be3 b6 7. Nbd2 Bb7 8. Be2
O-O 9. O-O Nbd7 10. Rc1 Re8 11. b4 Qc7 12. Qb3 d5 13. e5 c4 14. dxc4 dxc4 15.
Qa4 Nd5 16. Nxc4 Nxe3 17. Nxe3 Nxe5 18. Nxe5 Bxe5 19. c4 Bh2+ 20. Kh1 Bf4 21.
Rc3 Qe5 22. Rfc1 Qg5 23. Bf1 Qh4 24. Kg1 Be5 25. R3c2 Rac8 26. c5 bxc5 27. Rxc5
Rxc5 28. Rxc5 Qf4 1/2-1/2

[Event "Druzynowe Mistrzostwa Polski - II Liga Seniorow"]
[Site "Ustron/Slaski Zwiazek Szachowy"]
[Date "2008.09.12"]
[Round "7.79"]
[White "Grabarczyk, Bogdan"]
[Black "Niedzwiedz, Marek"]
[Result "1-0"]
[WhiteTitle "IM"]
[BlackTitle "I++"]
[WhiteElo "2449"]
[BlackElo "2088"]

1. e4 c5 2. Nf3 d6 3. d4 cxd4 4. Nxd4 Nf6 5. Nc3 a6 6. g3 e5 7. Nb3 Be7 8. a4
Be6 9. Bg2 O-O 10. O-O Nc6 11. Nd5 Bxd5 12. exd5 Na5 13. Nd2 Rc8 14. b3 Qc7 15.
c4 b6 16. f4 Nd7 17. Bh3 Rce8 18. Ra2 exf4 19. gxf4 Bf6 20. Nf3 Re7 21. Kh1
Rfe8 22. Rg2 Qc5 23. Bf5 Qb4 24. Bc2 Nc5 25. Bd2 Bc3 26. Bxh7+ Kf8 27. Rfg1
Bxd2 28. Rxg7 Re3 29. Nxd2 Ke7 30. Nf1 Re1 31. Qh5 Kd8 32. Qxf7 R1e7 33. Qf6
Nd7 34. Qh4 Qxb3 35. Nd2 Qe3 36. Bg6 Kc7 37. Bxe8 Rxe8 38. Qg4 Rd8 39. Nf3 Qe4
40. Re1 Qxc4 41. Ree7 Qxa4 42. Ng5 Qa1+ 43. Qg1 Qa3 44. Ne6+ Kc8 45. Qf1 Nb3
46. Nxd8 Nd2 47. Qe2 Qa1+ 48. Kg2 Qa5 49. Qe6 1-0

[Event "Druzynowe Mistrzostwa Polski - II Liga Seniorow"]
[Site "Ustron/Slaski Zwiazek Szachowy"]
[Date "2008.09.12"]
[Round "7.80"]
[White "Polok, Kacper"]
[Black "Duch, Mariusz"]
[Result "1/2-1/2"]
[WhiteTitle "I"]
[BlackTitle "k"]
[WhiteElo "1903"]
[BlackElo "2269"]

1. e4 d6 2. d4 Nf6 3. Nc3 g6 4. f4 Bg7 5. Nf3 O-O 6. Bd3 Na6 7. a3 c5 8. dxc5
Nxc5 9. O-O b6 10. Qe2 Bb7 11. Bd2 a6 12. Rae1 Qc7 13. Kh1 b5 14. b4 Nxd3 15.
cxd3 e6 16. Rc1 Qd7 17. Rc2 Rac8 18. Rfc1 Rc7 19. Be3 Rfc8 20. Nd1 Rxc2 21.
Rxc2 h5 22. Bd4 Rxc2 23. Qxc2 Qc6 24. Qxc6 Bxc6 25. Kg1 Nd7 26. Bxg7 Kxg7 27.
Kf2 Kf6 28. Ke3 Ke7 29. g3 Nb6 30. Nc3 f6 31. Nd2 e5 32. d4 Be8 33. h4 Bf7 34.
d5 Be8 35. fxe5 fxe5 36. Kd3 Bd7 37. Nd1 Kf6 38. Nb2 Bg4 39. Nb3 g5 40. Na5
gxh4 41. gxh4 Nd7 42. Ke3 Nf8 43. Kf2 1/2-1/2

[Event "Druzynowe Mistrzostwa Polski - II Liga Seniorow"]
[Site "Ustron/Slaski Zwiazek Szachowy"]
[Date "2008.09.12"]
[Round "7.81"]
[White "Flak, Pawel"]
[Black "Graczyk, Damian"]
[Result "1-0"]
[WhiteTitle "I++"]
[BlackTitle "I"]
[WhiteElo "2120"]
[BlackElo "1863"]

1. d4 f5 2. g4 fxg4 3. h3 g3 4. fxg3 d5 5. Bg2 Nf6 6. Bf4 e6 7. e3 c5 8. c3 Nc6
9. Nf3 Bd6 10. O-O O-O 11. Nbd2 b5 12. Qc2 Bxf4 13. exf4 cxd4 14. cxd4 Qb6 15.
Qd3 a5 16. Rac1 Bd7 17. Nb3 Nb4 18. Qb1 Nc6 19. Nc5 Rfc8 20. Ne5 Ra7 21. Nexd7
Rxd7 22. Nxd7 Qxd4+ 23. Kh2 Nxd7 24. f5 Nf6 25. fxe6 Qb6 26. Qf5 Rd8 27. Qf2
Qb7 28. Qc5 Ne5 29. e7 Re8 30. Rxf6 gxf6 31. Bxd5+ Qxd5 32. Qxd5+ 1-0

[Event "Druzynowe Mistrzostwa Polski - II Liga Seniorow"]
[Site "Ustron/Slaski Zwiazek Szachowy"]
[Date "2008.09.12"]
[Round "7.82"]
[White "Tworuszka, Michal"]
[Black "Wypych, Dominik"]
[Result "1-0"]
[WhiteTitle "FM"]
[BlackTitle "I"]
[WhiteElo "2262"]
[BlackElo "2085"]

1. e4 e6 2. d4 d5 3. Nd2 Nf6 4. e5 Nfd7 5. f4 c5 6. c3 f5 7. Ndf3 Nc6 8. Bd3
Be7 9. Ne2 cxd4 10. cxd4 Nb6 11. a3 a5 12. b3 Bd7 13. Kf2 g6 14. h4 h5 15. Ng5
Kf8 16. Be3 Kg7 17. Nc3 Na7 18. Qe2 Qe8 19. Rhb1 Rb8 20. Bd2 Qf8 21. Nb5 Nc6
22. Bc3 Nc8 23. Qd2 Qd8 24. Kg1 Qb6 25. Kh1 Re8 26. Qe2 Rf8 27. Qe1 Ra8 28. Ra2
Kg8 29. Qe2 N6a7 30. a4 Nc6 31. Rc2 Kg7 32. Qf3 Kh6 33. Be2 Kg7 34. Qg3 Kh6 35.
Rd2 Qd8 36. Rc1 Qb6 37. Bb2 Rb8 38. Rdd1 Ra8 39. Nh3 Rb8 40. Ba3 Qd8 41. Bxe7
Qxe7 42. Rc5 Rh8 43. Rdc1 Kg7 44. Ng5 Be8 45. Qc3 Kh6 46. Qb2 Rg8 47. Kg1 Rh8
48. Bf3 Rf8 49. Kf2 Rh8 50. Ke3 Rf8 51. R5c3 Rh8 52. Qa3 Qd7 53. Be2 Rg8 54.
Qc5 Rh8 55. Bf3 Kg7 56. Kf2 Bf7 57. Be2 Rd8 58. Ke3 Be8 59. Qa3 Bf7 60. Kf2 Bg8
61. Rg3 Kh6 62. Rgc3 Kg7 63. Qb2 Bf7 64. Rc5 Kg8 65. R1c3 Be8 66. Qc1 Ra8 67.
Ke3 Rb8 68. Kf2 Qe7 69. Qe3 Kh8 70. Qg3 Qd7 71. Nf3 Qe7 72. Qg5 Rd7 73. Ke3 Kg8
74. Rc1 Qxg5 75. Nxg5 Bf7 76. g3 Kg7 77. Bf3 Bg8 78. Bg2 Bf7 79. Bf3 Bg8 80.
Be2 Bf7 81. R5c3 Bg8 82. Na3 N8a7 83. Nb5 Nc8 84. Bd3 Bf7 85. Rxc6 bxc6 86.
Rxc6 Na7 87. Nxe6+ Bxe6 88. Rxe6 Nxb5 89. Bxb5 Rc7 90. Rd6 Rc3+ 91. Kd2 Rbc8
92. Bd3 Rxb3 93. Rd7+ Kf8 94. Rxd5 Rb2+ 95. Ke3 Rc3 96. Rc5 Ra3 97. Rc8+ Ke7
98. Rc1 Rbb3 99. Rd1 Rxa4 100. d5 Raa3 101. Kd4 a4 102. d6+ Kd7 103. Bc4 Rb6
104. Kc5 Rb8 105. e6+ Kd8 106. e7+ Kd7 107. Bb5+ Rxb5+ 108. Kxb5 Rxg3 109. Kxa4
Rg4 110. Rd4 Rxh4 111. Kb5 Rh1 112. Kc5 Ra1 113. Rb4 Ra5+ 114. Kd4 Ra8 115. Ke5
Ra5+ 116. Kf6 Ra8 117. Kf7 h4 118. Rb7+ Kxd6 119. e8=Q Rxe8 120. Kxe8 Kd5 121.
Rh7 Ke4 122. Rxh4 Kf3 123. Kf7 Kg3 124. Kxg6 Kxh4 125. Kxf5 Kh5 126. Kf6 Kh6
127. f5 Kh7 128. Kf7 Kh8 129. f6 Kh7 130. Ke7 Kg8 131. f7+ Kh7 1-0

[Event "Druzynowe Mistrzostwa Polski - II Liga Seniorow"]
[Site "Ustron/Slaski Zwiazek Szachowy"]
[Date "2008.09.12"]
[Round "7.83"]
[White "Kurkowski, Zbigniew"]
[Black "Masternak, Aleksander"]
[Result "0-1"]
[WhiteTitle "I"]
[BlackTitle "k"]
[WhiteElo "2113"]
[BlackElo "2206"]

1. e4 e5 2. Nf3 Nc6 3. Bb5 Nge7 4. O-O a6 5. Ba4 g6 6. c3 Bg7 7. d4 b5 8. Bc2
exd4 9. cxd4 O-O 10. Nc3 d6 11. d5 Na5 12. Bd3 c5 13. dxc6 Nexc6 14. h3 Be6 15.
Be2 Rc8 16. Nd5 h6 17. a4 Bxd5 18. Qxd5 Nb4 19. Qd1 Nc4 20. Qb3 Qa5 21. Bxc4
bxc4 22. Qd1 Nd3 23. Qc2 d5 24. exd5 Qxd5 25. Rb1 Nb4 26. Qd1 Qf5 27. Be3 Rfd8
28. Qe2 Qa5 29. Rfd1 Rd3 30. Ne1 Rb3 31. Rdc1 Qf5 32. Qd2 Kh7 33. Bd4 Rd8 34.
Nf3 Nc6 35. Rd1 Nxd4 36. Nxd4 Rxd4 0-1

[Event "Druzynowe Mistrzostwa Polski - II Liga Seniorow"]
[Site "Ustron/Slaski Zwiazek Szachowy"]
[Date "2008.09.12"]
[Round "7.85"]
[White "Shkapenko, Pavel"]
[Black "Ciesla, Adam"]
[Result "1/2-1/2"]
[WhiteTitle "IM"]
[BlackTitle "m"]
[WhiteElo "2404"]
[BlackElo "2291"]

1. e4 e5 2. Nf3 Nc6 3. Bb5 Bc5 4. O-O d6 5. c3 Bd7 6. d4 Bb6 7. Na3 Nge7 8. Nc4
O-O 9. h3 exd4 10. Nxb6 axb6 11. cxd4 d5 12. exd5 Nb4 13. Bc4 Nbxd5 14. Re1 Bc6
15. Ne5 Qd6 16. Bb3 Be8 17. Qf3 Kh8 18. Nd3 Bc6 19. Ne5 Be8 20. Nd3 Bc6 21. Ne5
Be8 1/2-1/2

[Event "Druzynowe Mistrzostwa Polski - II Liga Seniorow"]
[Site "Ustron/Slaski Zwiazek Szachowy"]
[Date "2008.09.12"]
[Round "7.86"]
[White "Klekowski, Maciej"]
[Black "Kos, Pawel"]
[Result "1/2-1/2"]
[WhiteTitle "I++"]
[BlackTitle "k"]
[WhiteElo "2197"]
[BlackElo "2275"]

1. c4 Nf6 2. Nc3 d5 3. cxd5 Nxd5 4. e4 Nb6 5. d4 g6 6. Be3 Bg7 7. a4 a5 8. Nf3
O-O 9. h3 e6 10. Qb3 Nc6 11. Rd1 Nb4 12. Be2 Bd7 13. Ne5 Qe8 14. Nxd7 Qxd7 15.
h4 h6 16. h5 g5 17. f4 gxf4 18. Bxf4 Kh8 19. O-O Rad8 20. Nb5 c6 21. Nd6 Qe7
22. Qg3 Rd7 23. Rf3 Nc8 24. Nxc8 Rxc8 25. e5 Rcd8 26. Rdf1 Nc2 27. Bd3 Nxd4 28.
R3f2 Nf5 29. Bxf5 exf5 30. Re2 Rd5 31. e6 Rd1 32. Ree1 Rxe1 33. Rxe1 fxe6 34.
Be5 Re8 35. Qg6 Bxe5 36. Rxe5 Qf8 37. Rxe6 Rxe6 38. Qxe6 Qc5+ 39. Kh2 Qf8 40.
b3 Kg7 41. Qg6+ Kh8 42. Kh1 f4 43. Qe6 Kh7 44. Kh2 Kg7 45. Qg4+ Kh7 46. Qg6+
Kh8 47. Qe6 Kg7 48. Qe5+ Qf6 49. Qc7+ Qf7 50. Qxa5 Qe7 51. Qc3+ Qf6 52. Qh3 Qd6
53. Qg4+ Kf6 54. Qg6+ Ke5 55. Qc2 Qf6 56. Qe2+ Kf5 57. Qd3+ Kg5 58. Qe2 Qd6 59.
Kh1 Qc5 60. Qf3 Qd4 61. Qe2 Qe3 62. Qd1 Kh4 63. Kh2 Qe5 64. Qf3 Kg5 65. Kh3
Qf5+ 66. Kh2 Qg4 67. Qd3 Qxh5+ 68. Kg1 Qf7 69. Qd8+ Qf6 70. Qd7 Qa1+ 71. Kh2
Qe5 72. Qd8+ Kh5 73. Qd7 f3+ 74. Kh3 Qf4 75. g4+ Kg6 76. Qxb7 f2 77. Qxc6+ Kf7
78. Qd7+ Kf6 79. Qd8+ Kf7 80. Qd5+ Ke7 81. Qc5+ Kf7 82. Qa7+ Kf8 83. Qa8+ Kg7
84. Qb7+ Kf8 85. Qc8+ Kg7 86. Qd7+ Kf8 1/2-1/2

[Event "Druzynowe Mistrzostwa Polski - II Liga Seniorow"]
[Site "Ustron/Slaski Zwiazek Szachowy"]
[Date "2008.09.12"]
[Round "7.87"]
[White "Barwinski, Dionizy"]
[Black "Piesik, Piotr"]
[Result "1/2-1/2"]
[WhiteTitle "FM"]
[BlackTitle "I++"]
[WhiteElo "2183"]
[BlackElo "2150"]

1. d4 d5 2. Nf3 Nf6 3. c4 dxc4 4. e3 e6 5. Bxc4 c5 6. Nc3 a6 7. O-O b5 8. Be2
Bb7 9. Ne5 Nbd7 10. Bf3 Qc7 11. Nxd7 Qxd7 12. Qe2 Rc8 13. Rd1 Qc7 14. h3 Be7
15. dxc5 Bxf3 16. Qxf3 Bxc5 17. e4 Bd6 18. Bg5 Be5 19. Rac1 Qb7 20. Bxf6 Bxf6
21. Qe3 Bxc3 22. Rxc3 Rxc3 23. Qxc3 O-O 24. e5 Rc8 25. Rd6 h6 26. Qd3 Qc7 27.
Kh2 Qc1 28. Rxa6 Qxb2 29. f4 Qf2 30. Qg3 Qd2 31. Rb6 b4 32. Qf3 Rc4 33. f5 Qd4
34. fxe6 Qxe5+ 35. Qg3 Qxg3+ 36. Kxg3 fxe6 37. Rxe6 Rc3+ 38. Kf2 Kf7 39. Rb6
Rc2+ 40. Kf3 Rb2 41. h4 1/2-1/2